Análisis microbiológico de alimentos y aguas : directrices para el aseguramiento de la calidad /

Contenido: Objeto y campo de aplicación; Implantación de un programa de aseguramiento de la calidad; Personal, gestión y organización; Toma de muestras; Equipos; Materiales; Métodos cuantitativos y evaluación de procedimientos; Control de la calidad analítica en microbiología; Tratamiento e informe...

Szczegółowa specyfikacja

Zapisane w:
Opis bibliograficzny
1. autor: Lightfoot, N.F (ed.)
Kolejni autorzy: Maier, E.A. (edición) (edición)
Format: Książka
Język:hiszpański
Wydane: Zaragoza, España : Acribia, 2002, c2002
Hasła przedmiotowe:
Etykiety: Dodaj etykietę
Nie ma etykietki, Dołącz pierwszą etykiete!

MARC

LEADER 00000nam^a2200000^a^4500
001 000183668
005 20250521000000.0
009 20260310102048.181
020 |a 84-200-0991-1 
037 |a Acervo ITESO - Biblioteca 
041 |a ESP 
082 |a 664. 001576  |b LIG 
100 |a Lightfoot, N.F.  |e (ed.) 
245 1 0 |a Análisis microbiológico de alimentos y aguas :  |b directrices para el aseguramiento de la calidad /  |c Ed. de N.F. Lightfoot, E.A. Maier ; pról. de Tristan Simonart ; tr. por Luis González, Ana Audicana. 
264 4 |a Zaragoza, España :  |b Acribia,  |c 2002, c2002 
300 |a XX, 235 p. 
336 |a texto  |b txt  |2 rdacontenido 
337 |a sin mediación  |b n  |2 rdamedio 
338 |a volumen  |b nc  |2 rdasoporte 
500 |a Traducción de: Microbiological Analysis of Food and Water: Guidelines for Quality Assurance 
520 |a Contenido: Objeto y campo de aplicación; Implantación de un programa de aseguramiento de la calidad; Personal, gestión y organización; Toma de muestras; Equipos; Materiales; Métodos cuantitativos y evaluación de procedimientos; Control de la calidad analítica en microbiología; Tratamiento e informe de resultados; Acreditación. 
649 |a XX 
650 |a Microbiología de Alimentos 
650 |a Agua -  |x Bacteriología 
650 |a Agua -  |x Análisis 
650 |a Química de Alimentos 
650 |a Control de Alimentos 
650 |a Control de Alimentos 
650 |a Química Analítica -  |x Laboratorios 
650 |a Microbiología Sanitaria -  |x Laboratorios 
650 |a Control de Calidad 
650 |a Química Sanitaria 
650 |a Tecnología de Alimentos -  |x Laboratorios 
700 |a Maier, E.A.  |e (edición) 
910 |a Fondo General 
920 |a Impresos - Libros 
930 |a Colección General 
905 |a 101 
901 |a 0500123869  |b IT1  |c ACC  |u 20250521 
902 |a https://opac.biblio.iteso.mx/vufind/Record/000183668